Impacto del programa de capacitación de maestros en servicios de educación básica. /

Бібліографічні деталі
Автор: Crespo, Manuel
Інші автори: Domíngez, Luis
Формат: Книга
Мова:Іспанська
Опубліковано: Santo Domingo, República Dominicana : Editora de Colores, 1996
Предмети:

MARC

LEADER 00000nam a2200000 4500
008 191206b1996 dr ||||| |||| 00| | spa d
999 |c 3817  |d 3817 
090 |a 06.05.01   |b 701  
100 |9 4645  |a Crespo, Manuel 
245 1 0 |a Impacto del programa de capacitación de maestros en servicios de educación básica. /   |c Manuel Crespo, Luis Domínguez 
260 |a Santo Domingo, República Dominicana :   |b Editora de Colores,   |c 1996 
300 |a 106 páginas 
650 1 4 |9 3933  |a PROGRAMAS DE CAPACITACION 
650 1 4 |9 331  |a DOCENTES 
650 1 4 |9 2224  |a EDUCACION BASICA 
651 4 |9 458  |a REPÚBLICA DOMINICANA 
700 |9 4646  |a Domíngez, Luis 
942 |i 001127  |h 06.05.01 701   |2 z  |c 01